|
|
|
|
| LEADER |
00000nam a2200000 a 4500 |
| 001 |
vtls011741198 |
| 003 |
SK-MaSNL |
| 005 |
20260301142639.0 |
| 008 |
251112s1650 gw 000 0 lat |
| 015 |
|
|
|a SNBHFA1650
|
| 035 |
|
|
|a urn:nbn:sk:snk-am00dxw0
|
| 035 |
|
|
|a urn:nbn:sk:snk-am3i8zg
|
| 035 |
|
|
|a 9059EB70-F0DC-4C17-8EF4-9EE524F2FF12
|
| 040 |
|
|
|a SNKHF
|b slo
|c SNK
|e AACR2
|
| 041 |
0 |
|
|a lat
|
| 044 |
|
|
|a gw
|c DE
|
| 072 |
|
7 |
|a 2
|x Náboženstvo
|2 konspekt
|
| 080 |
|
|
|a 21/29-1/-9
|2 2011
|
| 080 |
|
|
|a 378.245
|2 2001
|
| 080 |
|
|
|a 2-1
|2 2011
|
| 100 |
1 |
|
|a Sennert, Andreas,
|d 1606-1689
|4 aut
|9 363653
|
| 245 |
1 |
0 |
|a [...] Assertionum Ebraicarum Triga
|c Praeside Andrea Sennerto ; Publico Eruditorum examini submittit Martinus Martini. V. B. Hamburgensis
|
| 260 |
|
|
|a Wittebergae
|b Typis Jobi Wilhelmi Fincelii
|c Anno M DC L. [=1650]
|
| 300 |
|
|
|a [22] strán
|c 20 cm
|
| 500 |
|
|
|a Kustódy, typografické linky, ozdobné iniciálky na 4 riadky
|
| 501 |
|
|
|a Príväzok 44. k: SCHARF, Johann. [...] Exercitatio Theologica De Praedestinatione Praeside Dn. Johanne Scharfio, Doctore & Professore Publ. ordinario Theologo. [Wittebergae]: Typis Michael Wende, MDCL. [=1650].
|5 SNK ID 100138
|
| 504 |
|
|
|a Tlačené marginálie
|
| 546 |
|
|
|a Latinčina
|b Antikva
|b Kurzíva
|
| 561 |
|
|
|a Z knižnice Učenej spoločnosti malohontskej.
|5 SNK ID 100138/prív.44
|
| 650 |
0 |
7 |
|a teológia
|2 SNKPH
|9 1814
|
| 650 |
0 |
7 |
|a dizertácie
|2 SNKPH
|9 4040
|
| 700 |
1 |
|
|a Martin, Martinus
|4 dis
|9 498503
|
| 700 |
1 |
|
|a Gerhardus, Johann Ernest
|4 oth
|9 498504
|
| 700 |
1 |
|
|a Hanke, Johann
|4 oth
|9 498505
|
| 700 |
1 |
|
|a Bornitius, Christian
|4 oth
|9 498506
|
| 710 |
2 |
|
|a Učená spoločnosť malohontská
|4 fmo
|9 205374
|
| 710 |
0 |
|
|a Fincelius, Hiob Wilhelm (Wittenberg, Nemecko),
|d 1621-1666
|4 prt
|9 358444
|
| 752 |
|
|
|a Nemecko
|d Wittenberg
|
| 852 |
|
|
|a snk
|b Historické fondy
|p ID 100138/prív.44
|
| 958 |
|
|
|a ONDV
|
| 999 |
|
|
|c 771007
|d 772937
|
| 952 |
|
|
|t MHC II.B.e.XXXIII
|a SNK
|b SNK
|c SNK_HF
|y PREZ
|7 0
|p 17A1299658
|o snkID 100138/prív.44
|i snk2018/3045
|8 5
|0 0
|1 0
|4 0
|d 2018-02-12
|f 1
|l 0
|r 2026-02-24 00:34:21
|w 2026-02-24
|